Comparison of properties of natural rubber compounds with various fillers (Record no. 56015)

MARC details
000 -LEADER
fixed length control field 00573nam a2200217Ia 4500
100 ## - MAIN ENTRY--AUTHOR NAME
Personal name Kamal Mazlina Mustafa
245 #0 - TITLE STATEMENT
Title Comparison of properties of natural rubber compounds with various fillers
260 ## - PUBLICATION, DISTRIBUTION, ETC. (IMPRINT)
Name of publisher Journal of Rubber Research
Year of publication 2009
300 ## - PHYSICAL DESCRIPTION
Number of Pages 27-44
520 ## - SUMMARY, ETC.
Summary, etc DL
650 ## - SUBJECT ADDED ENTRY--TOPICAL TERM
Topical Term Calcium carbonate
650 ## - SUBJECT ADDED ENTRY--TOPICAL TERM
Topical Term Carbon black
650 ## - SUBJECT ADDED ENTRY--TOPICAL TERM
Topical Term Reinforcement
650 ## - SUBJECT ADDED ENTRY--TOPICAL TERM
Topical Term Silica clays
650 ## - SUBJECT ADDED ENTRY--TOPICAL TERM
Topical Term Starch
650 ## - SUBJECT ADDED ENTRY--TOPICAL TERM
Topical Term Strength
700 ## - ADDED ENTRY--PERSONAL NAME
Personal name Clarke Jane
700 ## - ADDED ENTRY--PERSONAL NAME
Personal name Md Aris Ahmad
942 ## - ADDED ENTRY ELEMENTS (KOHA)
Koha item type Journals
Holdings
Withdrawn status Lost status Damaged status Not for loan Home library Current library Shelving location Date acquired Serial Enumeration / chronology Koha item type
      Journals RRII Library RRII Library Rubber technology 08/05/2009 Volume 12, Issue 1 Journals